La revolución y el orden cristiano (Record no. 160655)

MARC details
000 -LEADER
campo de control de longitud fija 00778nam a2200205 i 4500
001 - NÚMERO DE CONTROL
campo de control 160655
003 - IDENTIFICADOR DE NÚMERO DE CONTROL
campo de control ES-MaACL
005 - FECHA Y HORA DE LA ÚLTIMA TRANSACCIÓN
campo de control 20251001144824.0
008 - DATOS DE LONGITUD FIJA--INFORMACIÓN GENERAL
campo de control de longitud fija 950418s1874 sp |||| | spa d
040 ## - FUENTE DE CATALOGACIÓN
Centro catalogador/agencia de origen EUS
Lengua de catalogación spa
Centro/agencia transcriptor EUS
100 1# - ENTRADA PRINCIPAL--NOMBRE DE PERSONA
Nombre de persona Nicolas, Auguste,
Fechas asociadas al nombre 1807-1888
9 (RLIN) 130468
245 13 - MENCIÓN DEL TÍTULO
Título La revolución y el orden cristiano
Resto del título : obra complemental de El Estado sin Dios del mismo autor /
Mención de responsabilidad, etc. por Augusto Nicolas ; traducida por José Vicente y Carvantes.
260 ## - PUBLICACIÓN, DISTRIBUCIÓN, ETC.
Lugar de publicación, distribución, etc. Madrid :
Nombre del editor, distribuidor, etc. Librería de Gaspar y Roig,
Fecha de publicación, distribución, etc. 1874.
300 ## - DESCRIPCIÓN FÍSICA
Extensión XII, 364 p. ;
Dimensiones 19 cm.
650 #4 - PUNTO DE ACCESO ADICIONAL DE MATERIA--TÉRMINO DE MATERIA
Término de materia o nombre geográfico como elemento de entrada Cristianismo y política.
9 (RLIN) 11439
700 1# - ENTRADA AGREGADA--NOMBRE PERSONAL
Nombre de persona Vicente y Caravantes, José,
Fechas asociadas al nombre ca. 1820-1880
9 (RLIN) 133668
852 ## - LOCALIZACIÓN
Ubicación ES-MaACL
Número de control de estantería G-10264
Nota libre -- Enc. hol.
Holdings
Estatus retirado Estado de pérdida Estado de daño No para préstamo Colección Biblioteca de origen Biblioteca actual Ubicación en estantería Fecha de adquisición Fuente de adquisición Total de préstamos Signatura topográfica completa Código de barras Visto por última vez Precio de reemplazo Tipo de ítem Koha
        Libros del s. XIX Biblioteca del Ateneo de Madrid Biblioteca del Ateneo de Madrid Sala Pecera Planta 3 17/01/2008     G-10264 1168216 23/02/2023 23/02/2023 Libro impreso antiguo